Ανόργανη χημεία : αρχές και εφαρμογές
Saved in:
| Main Author: | |
|---|---|
| Other Authors: | |
| Format: | Book |
| Language: | Greek English |
| Published: |
Αθήνα :
Π. Τραυλός-Ε. Κωσταράκη,
1994.
|
| Subjects: | |
| Tags: |
Add Tag
No Tags, Be the first to tag this record!
|
MARC
| LEADER | 00000cam a2200000 i 4500 | ||
|---|---|---|---|
| 001 | 1/14995 | ||
| 008 | 980512s1994 gr | ||| |||| ||gre|| | ||
| 020 | |a 9607122267 | ||
| 035 | |l 10019638 | ||
| 040 | |a GR-MyUA |b gre |e AACR2 | ||
| 041 | 1 | |a gre |h eng | |
| 082 | 0 | |a 546 | |
| 100 | 1 | |a Butler, Ian S. | |
| 245 | 1 | 0 | |a Ανόργανη χημεία : |b αρχές και εφαρμογές / |c Ian S. Butler, John F. Harrod. |
| 260 | |a Αθήνα : |b Π. Τραυλός-Ε. Κωσταράκη, |c 1994. | ||
| 300 | |a 772 σ. : |b εικ., πιν. ; | ||
| 500 | |a Τίτλος πρωτοτύπου: Inorganic chemistry: principles and applications. | ||
| 650 | 0 | 0 | |a Chemistry, Inorganic. |
| 700 | 1 | |a Harrod, John F. |q (John Frank) | |
| 852 | |a INST |b LESVOS |e 19980512 |h 546 BUT |p 005100014307 |q 005100014307 |t BK |y 0 | ||
| 901 | |a BIBL-1998-2 | ||
| 909 | |a Λ |b 055851 | ||
| 922 | |a 1ΕΛΗ |b 199804 |c ΚΠΣ/ΤΠ |d EMVASIS | ||
| 950 | |a 107-1998-04-08 | ||